| 000 | 01642nam a2200325 i 4500 | ||
|---|---|---|---|
| 001 | 000014290 | ||
| 003 | DO-SdBNP | ||
| 005 | 20231122140000.0 | ||
| 007 | ta | ||
| 008 | 091209s2019 dr ab 001 0 spa d | ||
| 020 | _a9789945610284 | ||
| 040 |
_aDO-SdBNP _bspa _cBNPHU _erda |
||
| 082 | 4 |
_a342.7293029 _bB828s, 2019 _222 |
|
| 100 | 1 |
_aBrea Franco, Julio, _d1948- _914560 _eautor |
|
| 245 | 1 | 3 |
_aEl sistema constitucional dominicano / _cJulio Brea Franco |
| 264 | 1 |
_aSanto Domingo : _bTribunal Constitucional, _c2019. |
|
| 300 |
_a513 páginas : _bilustraciones, mapas ; _c24 cm. |
||
| 336 |
_2rdacontent _atexto _btxt |
||
| 337 |
_2rdamedia _asin mediación _bn |
||
| 338 |
_2rdacarrier _avolumen _bnc |
||
| 490 | _aClásicos de derecho constitucional | ||
| 500 | _aIncluye referencias bibliográficas y notas al pie de las páginas. | ||
| 505 | 0 |
_aAlgunos conceptos básicos -- _tCaracterísticas de la constitución dominicana -- _tEl Estado dominicano -- _tDerechos y deberes de los ciudadanos -- _tEl congreso nacional -- _tEl presidente de la República -- _tEl poder judicial -- _tEl ordenamiento territorial dominicano -- _tEl derecho electoral dominicano -- _tEl régimen de las fuerzas armadas -- _tEl régimen de la economía y de las finanzas dominicanas -- _tLa reforma constitucional -- _tEl control de la constitucionalidad de las leyes. |
|
| 586 | _aPremio Nacional de Didáctica, 1983 | ||
| 590 | _aInventariado, 2022 / DG | ||
| 651 | 4 |
_aRepública Dominicana _xPolítica y gobierno _91008 |
|
| 651 | 4 |
_aRepública Dominicana _xDerecho constitucional _99303 |
|
| 910 | _aDG/Validado. Control de calidad MFF | ||
| 942 |
_2ddc _cLBS1 |
||
| 999 |
_c51696 _d51696 |
||